| 000 | 00635cam a2200193 a 4500 | ||
|---|---|---|---|
| 001 | 15078114 | ||
| 005 | 20170102113954.0 | ||
| 008 | 071113s2007 ii a 001 0deng | ||
| 020 | _a9781862057593 | ||
| 040 | _cPK-LaUMT | ||
| 082 |
_a954.0359 _bMOU-I |
||
| 100 | 1 | _aMountbatten, Pamela | |
| 245 | 1 | 0 |
_aIndia remembered / _cPamela Mountbatten ; foreword by India Hicks |
| 260 |
_aLondon : _bPavilion Books, _c2007 |
||
| 300 |
_a240 p. : _bill. ; _c25 cm. |
||
| 500 | _a"A personal account of the Mountbattens during the transfer of power"--Cover. | ||
| 650 | 0 |
_aBritish _zIndia _xSocial life and customs _y20th century. |
|
| 942 | _cBK | ||
| 999 |
_c89682 _d89682 |
||